Population Dynamics and Human Development: (Record no. 187599)

MARC details
000 -LEADER
fixed length control field 00721nam a22002057a 4500
005 - DATE AND TIME OF LATEST TRANSACTION
control field 20240809125139.0
010 ## - LCCN (DPL NO)
LC control number ENG-132389 ENG-141310
020 ## - INTERNATIONAL STANDARD BOOK NUMBER
International Standard Book Number 9789380574141
Terms of availability 2000.00
035 ## - SYSTEM CONTROL NUMBER
System control number EN-115921
035 ## - SYSTEM CONTROL NUMBER
System control number EN-124842
037 ## - SOURCE OF ACQUISITION
Source of stock number/acquisition DBAD
082 ## - DEWEY DECIMAL CLASSIFICATION NUMBER
Classification number 304.620954
245 ## - TITLE STATEMENT
Title Population Dynamics and Human Development:
Remainder of title Opportunities and Challenges/
Statement of responsibility, etc Edited by T. Lakshmanasamy
260 ## - PUBLICATION, DISTRIBUTION, ETC. (IMPRINT)
Place of publication, distribution, etc Delhi
Name of publisher, distributor, etc Bookwell
Date of publication, distribution, etc 2010
270 ## - ADDRESS
Address 3/79, Nirankari Colony
City Delhi
Postal code 110009
Telephone number 91-11-27601283
Fax number 91-11-23281315
Electronic mail address bkwell@nde.vsnl.net.in
300 ## - PHYSICAL DESCRIPTION
Extent xxiii, 591p.
Other physical details References
Dimensions 24cm(hbk)
490 ## - SERIES STATEMENT
Volume number/sequential designation VOL 1, VOL 2
700 ## - ADDED ENTRY--PERSONAL NAME
Personal name Lakshmanasamy, T.
Relator term Editor
9 (RLIN) 69822
942 ## - ADDED ENTRY ELEMENTS (KOHA)
Source of classification or shelving scheme Dewey Decimal Classification
Item type English Books
Classification part 304.620954
Call number suffix POP
Holdings
Withdrawn status Lost status Materials specified (bound volume or other part) Not for loan Collection code Home library Current library Date acquired Source of acquisition Cost, normal purchase price Full call number Barcode Copy number Cost, replacement price Koha item type
    VOL 2   Non-fiction Patel Nagar Patel Nagar 25/04/2022 DBAD 1000.00 304.620954 POP EN-115921 1 1000.00 English Books
    VOL-1   Non-fiction Patel Nagar Patel Nagar 09/08/2024 Delivery of Books Act Division 1000.00 304.620954 POP EN-124842 1 1000.00 English Books

© Delhi Public Library
Hit Counter
free hit counter